Statistiques concernant Clubs qui ont gagné le plus de Challenge Cup

Cliquez ici pour prendre le quiz!

Statistiques générales

  • Ce quiz a été pris 128 fois
    (11 depuis la dernière actualisation)
  • Le résultat moyen est 11 sur 19

Statistiques - réponses

TitresAnnéesClub% Correct
31999 - 2019 ASM Clermont
100%
22017 - 2021 Montpellier HR
91%
12023 RC Toulon
82%
12012 Biarritz olympique
73%
22010 - 2018 Cardiff Blues
73%
12016 Stade français Paris
73%
22002 - 2005 Sale Sharks
64%
12000 Section paloise
64%
12022 Lyon OU
64%
12013 Leinster
55%
12003 London Wasps
55%
12024 Sharks
55%
22006 - 2015 Gloucester RFC
45%
32001 - 2011 Harlequins
45%
22009 - 2014 Northampton Saints
45%
12008 Bath rugby
27%
11997 CS Bourgoin-Jallieu
27%
12020 Bristol Bears
18%
11998 US Colomiers
18%

Distribution des résultats

Percentile par nombre de réponses

% des personnes avec chaque résultat

Votre développement - résultats

Vous n’avez pas pris ce quiz depuis la dernière actualisation